000 00430nam a2200181Ia 4500
001 8251
005 20260306160555.0
008 260306t1971||||xx |||||||||||||| ||spa||
041 _aESP
082 _a370.15195
_bG26
100 _aGarrett, Henry E.
_eAUT
245 0 _aEstadística en psicología y educación
260 _c1971
300 _a509 páginas :
_c
650 _aGEN
654 _aCED
942 _cLIB
_dJUS
_fJUS
_2ddc
_n
999 _c8251
_d8251